000 002940000a22000970004500
100 1 _aMilován, Guillermo
245 1 0 _aY si está bien para Gales, ¿por qué no para el resto del mundo?
300 _aVol. 53, Núm 238 (1998), Páginas 21-24
773 0 _tLa Biblia de las Américas
942 _cANA
999 _c51511
_d51511